Welcome to the Holygrace Academy Library

Please use search bar below to get started

UNDERSTANDING BIOTECHNOLOGY (Record no. 1402)

MARC details
000 -LEADER
fixed length control field 00404nam a22001697a 4500
020 ## - INTERNATIONAL STANDARD BOOK NUMBER
ISBN 81-297-0246-0
082 ## - DEWEY DECIMAL CLASSIFICATION NUMBER
Classification number 660
Item number BOR/U
100 ## - MAIN ENTRY--AUTHOR NAME
Personal name BOREM, ALUIZIO
100 ## - MAIN ENTRY--AUTHOR NAME
Personal name SANTOS, FABRICIO
100 ## - MAIN ENTRY--AUTHOR NAME
Personal name BOWEN, DAVID
245 ## - TITLE STATEMENT
Title UNDERSTANDING BIOTECHNOLOGY
250 ## - EDITION STATEMENT
Edition statement THIRD REPRINT
260 ## - PUBLICATION, DISTRIBUTION, ETC. (IMPRINT)
Place of publication DELHI
Name of publisher PEARSON EDUCATION
Year of publication 2005
300 ## - PHYSICAL DESCRIPTION
Number of Pages 216
650 ## - SUBJECT ADDED ENTRY--TOPICAL TERM
Topical Term BIOLOGY REFERENCE
Geographic subdivision INDIA
942 ## - ADDED ENTRY ELEMENTS (KOHA)
Koha item type Books
Holdings
Withdrawn status Lost status Collection code Home library Current library Shelving location Date acquired Source of acquisition Full call number Accession Number Koha item type
    Reference Main Library Main Library SHELF-5 D REFERENCEBIOLOGY 24/10/2006 purchase 660 BOR/U 03391 Books